Just so stories/ (Record no. 11)

MARC details
000 -LEADER
fixed length control field 00515nam a2200157 a 4500
005 - DATE AND TIME OF LATEST TRANSACTION
control field 20260322212003.0
008 - FIXED-LENGTH DATA ELEMENTS--GENERAL INFORMATION
fixed length control field data
092 ## - LOCALLY ASSIGNED DEWEY CALL NUMBER (OCLC)
Classification number 808.83 J9 1912
001 - CONTROL NUMBER
control field data
100 1# - MAIN ENTRY--PERSONAL NAME
Personal name Kipling, Rudyard,
Dates associated with a name 1865-1936.
245 10 - TITLE STATEMENT
Title Just so stories/
Statement of responsibility, etc. Rudyard Kipling.
260 ## - PUBLICATION, DISTRIBUTION, ETC.
Place of publication, distribution, etc. New York :
Name of publisher, distributor, etc. Doubleday & Company, Inc,
Date of publication, distribution, etc. c1912.
300 ## - PHYSICAL DESCRIPTION
Extent Book 247 p. : ill. ;
Other physical details 25 cm.
650 #0 - SUBJECT ADDED ENTRY--TOPICAL TERM
Topical term or geographic name entry element Animals
General subdivision Fiction
856 40 - ELECTRONIC LOCATION AND ACCESS
Uniform Resource Identifier <a href="https://openlibrary.org/books/OL7032392M/Just_so_stories">https://openlibrary.org/books/OL7032392M/Just_so_stories</a>
Link text Online access from the Open Library.
Public note Requires free sign up.
Holdings
Withdrawn status Lost status Damaged status Not for loan Home library Current library Shelving location Date acquired Total checkouts Full call number Barcode Date last seen Price effective from Koha item type
        Centerville Centerville General stacks 22/03/2026   GEN BC0010011 22/03/2026 22/03/2026 Books